000 00477nam a2200193Ia 4500
005 20240823032103.0
008 240823s9999||||xx |||||||||||||| ||und||
020 _a0-07-460123-7
041 _aENGLISH
082 _A542.85 N3
100 _aRaman K V
245 0 _aComputers in Chemistry
250 _a1st
260 _c1993
_b"Tata McGraw-Hill Publishing Company Ltd,New "
500 _aTRANSFERED
650 _aChemistry
_bChemistry
942 _cBK
999 _c192609
_d192609